| 000 | 00465nam a22001571cc4500 | ||
|---|---|---|---|
| 001 | asovdoc+Volume2 | ||
| 035 | _aasovdoc | ||
| 008 | 170707s1951 gw |||| 000u eng d | ||
| 245 | 0 | 0 |
_aSoviet Documents on Foreign Policy _nVolume 2 _p1925-1932 |
| 264 |
_aOxford : _bOxford University Press, _c1951 |
||
| 246 | 1 | 2 |
_aSoviet Documents on Foreign Policy. 1925-1932 _nVolume 2 |
| 773 | 0 | 8 |
_wasovdoc _qVolume2 |
| 942 | _cMG | ||
| 040 | _cRU-10907106 | ||
| 003 | RU-10907106 | ||
| 999 |
_c26845 _d26845 |
||